| 000 | 00360nam a2200133Ia 4500 | ||
|---|---|---|---|
| 008 | 240624s9999 xx 000 0 und d | ||
| 041 | _aeng | ||
| 082 | _a658.872 KEL | ||
| 100 | _aKELLEY MICHAEL DRU | ||
| 245 | _aALL THUMBS MOBILE MARKETING THAT WORKS | ||
| 260 |
_c2014 _aNew York _bPalgrave Macmillan |
||
| 300 | _avi, : 218 : p. : cm. ; 21 | ||
| 365 |
_c _b50 |
||
| 999 |
_c27160 _d27160 |
||